00799 2200277 4500001002100000005001700021008004100038020002200079035002500101040001200126041000800138082001300146084001900159090001900178100002000197245008700217250001100304260004400315300003400359504003100393650002000424700002500444850001200469990002000481990002000501INLIS00000000001917320160412091549.0  a978-602-97529-8-4 a0010-041600000000177 aYOPDYOG aIND a899.2213 a899.2213 ABD s a899.2213 ABD s aAbdussattar Ali aSepekan di Bumi Khatulistiwac/ Abdussattar Ali ; Penyunting, Rachmi N. Hamidawati aCet. 3 aYogyakarta :bAdicita Karya Nusa,c2013 ax, 90 hlm.b: ilus.c; 20 cm. aBibliografi : hlm. 89 - 90 aFiksi Indonesia aRachmi N. Hamidawati aYOPDYOG a878-RBM/PD.A.16 a879-RBM/PD.A.16